Antigua Mercedes y cursiva, Mercedes seminegra, Mercedes negra, Mercedes estrecha negra
Descripción Física:
[20] p. : il. ; 27 cm
MARC
| LEADER | 00000nam a2200000Ia 4500 | ||
|---|---|---|---|
| 001 | 13898 | ||
| 008 | 160829s9999 xx 000 0 cat d | ||
| 080 | |a RF-9-9 | ||
| 245 | |a Antigua Mercedes y cursiva, Mercedes seminegra, Mercedes negra, Mercedes estrecha negra | ||
| 260 | |a Barcelona ; Madrid : |b Fundición Tipográfica Neufville, [19-- ?] | ||
| 300 | |a [20] p. : |b il. ; |c 27 cm | ||
| 610 | 2 | 0 | |a Neufville (Firma) |9 55776 |
| 650 | 0 | |a Tipus d'impremta |9 30279 | |
| 650 | |a Composició tipogràfica |9 38867 | ||
| 710 | 2 | |a Neufville (Firma) |9 55776 | |
| 856 | 4 | |u https://media.diba.cat/diba/fitxers/arxiu/fulletons/bib_13898_baixa.pdf |y Accés lliure | |
| 856 | 4 | |u https://media.diba.cat/diba/fitxers/arxiu/fulletons/bib_13898_baixa.pdf |y Accés lliure | |
| 901 | |a Arxiu | ||
| 942 | |n 1 |2 udc | ||
| 952 | |0 0 |1 0 |4 0 |6 RF99 |7 1 |9 48543 |a Arxiu |b Arxiu |d 2016-12-01 |l 0 |o RF-9-9 |p 13898 |r 2016-12-01 00:00:00 |w 2016-12-01 |y ARXIU | ||
| 999 | |c 52372 |d 52372 | ||
| 900 | |a bib_13898_baixa.pdf | ||